00803nam a2200229 a 450000100060000000300080000600500170001400800410003103500190007204000350009104100080012608200260013410000230016024501170018326000470030030000330034749000550038050000300043550400380046565000170050383000530052068115BD-RjUL20211209081731.0170330s1946 maua b 001 0 eng d a(BD-RjUL)68324 aBD-RjULbengcBD-RjULdBD-RjUL aeng 223a632.425bCHN 19461 aChester, K. Starr.14aThe nature and prevention of the cereal rusts :bas exemplified in the leaf rust of wheat /cby K. Starr Chester aWaltham, Mass :bChronica Botanica,c1946. axiv, 269 p. :bill.,c27 cm. aAnnales cryptogamici et phytopathologici, vv. 4.  aSpine title: Cereal rusts aIncludes indexes and bibliography 0aCereal rusts 0aAnnales cryptogamici et phytopathologici, v. 4.